000 00610nam a2200265Ia 4500
005 20260306163948.0
008 008 260114s9999 xx 000 0 eng d
020 _a9780226726380
037 _aEBOOK
040 _aCRL
040 _beng
040 _cCRL
041 _2eng
041 _aeng
084 _qCRL
100 _aSchlag
_91129710
245 0 _aHow To Do Things With Legal Doctrine
260 _bUniversity of Chicago Press
260 _c2021
650 _aLaw
856 _uhttps://academic.oup.com/book/37895
942 _cEBOOK
999 _c1712194
_d1712194